000 00638nam a2200181Ia 4500
008 100917s9999 xx 000 0 und d
082 _b11689
100 _aकोगेकर ना. वा.
245 _aभारताची विज्ञान भुषणे
260 _bअनिरूध्द साहित्य पुस्तकालय
_c1973
300 _a69
365 _b3.5
520 _aचरित्र
630 _aभारताची विज्ञान भुषणे
650 _aचरित्र
730 _aभारताची विज्ञान भुषणे
942 _cBOOK
999 _c617083
_d617080